The Oxford dictionary of statistical terms / (Record no. 8575)

MARC details
000 -LEADER
fixed length control field 01707nac a22003851i 4500
003 - CONTROL NUMBER IDENTIFIER
control field EG-ScBUE
005 - DATE AND TIME OF LATEST TRANSACTION
control field 20250219102020.0
008 - FIXED-LENGTH DATA ELEMENTS--GENERAL INFORMATION
fixed length control field 250212s2006 enk f bd 000 0 eng d
020 ## - INTERNATIONAL STANDARD BOOK NUMBER
International Standard Book Number 0199206139 (Pbk.)
020 ## - INTERNATIONAL STANDARD BOOK NUMBER
International Standard Book Number 9780199206131 (Pbk.)
035 ## - SYSTEM CONTROL NUMBER
System control number (OCoLC)ocm52324277
040 ## - CATALOGING SOURCE
Original cataloging agency EG-ScBUE
Language of cataloging eng
Description conventions rda
Transcribing agency EG-ScBUE
Modifying agency EG-ScBUE
082 04 - DEWEY DECIMAL CLASSIFICATION NUMBER
Classification number 519.503
Item number OXF
Edition number 22
245 04 - TITLE STATEMENT
Title The Oxford dictionary of statistical terms /
Statement of responsibility, etc editor Yadolah Dodge, University of Neuchâtel, Swizerland and [five others]
246 30 - VARYING FORM OF TITLE
Title proper/short title Dictionary of statistical terms
250 ## - EDITION STATEMENT
Edition statement First published in paperback.
264 1# - PUBLICATION, DISTRIBUTION, ETC. (IMPRINT)
Place of publication, distribution, etc Oxford ;
-- New York :
Name of publisher, distributor, etc Oxford University Press,
Date of publication, distribution, etc 2006.
300 ## - PHYSICAL DESCRIPTION
Extent vii, 498 pages ;
Dimensions 22 cm
336 ## - CONTENT TYPE
Source rdacontent
Content type term text
Content type code txt
337 ## - MEDIA TYPE
Media type term unmediated
Source rdamedia
Media type code n
338 ## - CARRIER TYPE
Carrier type term volume
Carrier type code nc
Source rdacarrier
500 ## - GENERAL NOTE
General note Revised edition of A dictionary of statistical terms. fifth edition / prepared for the International Statistical Institute by F.H.C. Marriott. Burnt Mill, Harlow, Essex, England : Published for the International Statistical Institute by Longman Scientific & Technical ; New York : Wiley, 1990.
500 ## - GENERAL NOTE
General note Published on behalf of the International Statistical Institute.
504 ## - BIBLIOGRAPHY, ETC. NOTE
Bibliography, etc Includes bibliographical references.
650 #7 - SUBJECT ADDED ENTRY--TOPICAL TERM
Topical term or geographic name as entry element Statistics
Form subdivision Dictionaries.
Source of heading or term BUEsh
655 ## - INDEX TERM--GENRE/FORM
Form subdivision Reading book
700 1# - ADDED ENTRY--PERSONAL NAME
Personal name Dodge, Yadolah,
Dates associated with a name 1944-
Relator term editor.
700 1# - ADDED ENTRY--PERSONAL NAME
Personal name Cox, David
Relator term editor.
700 1# - ADDED ENTRY--PERSONAL NAME
Personal name Commenges, Daniel
Relator term editor.
700 1# - ADDED ENTRY--PERSONAL NAME
Personal name Davison, Anthony
Relator term editor.
700 1# - ADDED ENTRY--PERSONAL NAME
Personal name Solomon, Patty
Relator term editor.
700 1# - ADDED ENTRY--PERSONAL NAME
Personal name Wilson, Suzan
Relator term editor.
856 42 - ELECTRONIC LOCATION AND ACCESS
Materials specified Publisher description
Uniform Resource Identifier <a href="http://www.loc.gov/catdir/enhancements/fy0615/2003284130-d.html">http://www.loc.gov/catdir/enhancements/fy0615/2003284130-d.html</a>
942 ## - ADDED ENTRY ELEMENTS (KOHA)
Koha item type NB - Book (Non borrowing)
Source of classification or shelving scheme Dewey Decimal Classification
Holdings
Withdrawn status Lost status Source of classification or shelving scheme Damaged status Not for loan Collection code Home library Current library Shelving location Date acquired Source of acquisition Total Checkouts Full call number Barcode Date last seen Price effective from Koha item type
    Dewey Decimal Classification     Alahram Central Library Central Library First floor 08/03/2013 Purchase   519.503 OXF 000010403 15/07/2025 13/03/2008 NB - Book (Non borrowing)